000 00869nac a22002897a 4500
001 BR0806294
003 BR-BrBNA
005 20240105123659.0
008 230509b bl.|||m| |||| 00| 0 por d
040 _aBR-BrBNA
_bpor
_cBiblioteca Nacional de Agricultura
072 _aQ60
090 _a3290 BR0806294
100 1 _aHomma, A.K.O.
110 1 _aEMBRAPA Amazônia Oriental, Belém, PA (Brasil)
245 1 _aO extrativismo de óleo essencial de pau-rosa na Amazônia
260 3 _aBelém, PA (Brasil):
_c2003.
300 _a32 p.
490 _aDocumentos - EMBRAPA Amazônia Oriental (Brazil)
_vno. 171
_xISSN 1517-2201
500 _a31 ref.
650 _aPAU ROSA
650 _aÓLEO ESSENCIAL
650 _aPROCESSAMENTO
650 _aEXTRAÇÃO
650 _aAMAZÔNIA
909 _a202312
_bLúcia Elande
_c55
_dLúcia Elande
942 _2AGRIS
_n0
_cMS
999 _c296518
_d296518